Quizzes
Events
Quiz Creation
Community
Videos
Private Events
Remove Ads
Sign In
Join for FREE
Feedback
Dark Mode
Quiz Categories
Sports
Geography
Music
Movies
Television
Just For Fun
Miscellaneous
History
Literature
Language
Science
Gaming
Entertainment
Religion
Holiday
For Kids
Quiz Lab
Recent
Popular Today
Quiz Kudos Today
Editor Picks
Curator Picks
Quizzes by...
Day
Popularity
Type
Ratings
Length
Year
Community
Subscriptions
Recent Discussions
Orange Saloon
Badges
Playlists
Quests
Create
Leaderboards
Showdown
Live 5
Trivia Bingo
Activity
Puzzle Library
Sporcle Events
Private Events
Virtual Trivia
Globe League
Become a Host
Pub Owners
SporcleCon
Opinionation
Our Games
Videos
Blog
Mobile Apps
Partnerships
Remove Ads and Go Orange
Feedback
Music
Pop Music
The Beatles
Song
Album
Lyrics
Bands
Singers
Artist
Clip
Rock
Rap
Classical
Billboard
Country Music
Kpop
Taylor Swift
Music
Pop Music
The Beatles
Song
Album
Lyrics
Bands
Singers
Artist
Clip
Rock
Rap
Classical
Billboard
Country Music
Kpop
Taylor Swift
Random Quiz
Search Sporcle
×
Quiz Lab
Quiz Lab
Music
Album
Type in answers that appear in a list
Type in answers that appear in a list
Classic
Best Score? Go Orange.
Village Voice Pazz & Jop Best Albums of 1971 Stats
Can you name the artists behind the best albums of 1971 (according to the Village Voice Pazz & Jop critics poll)?
By
Tim32
10m
30 Questions
110 Plays
110 Plays
110 Plays
Comments
Comments
Give Quiz Kudos
Give Quiz Kudos
-
- Ratings
hide this ad
More Info
Replay
Link that replays current quiz
Next Quiz
Link to next quiz in quiz playlist
You Got
0%
They Got
Avg Score
55%
Avg Friend Score
Upgrade to see
Score Distribution
Jump to the score distribution portion of the page
Score
0/30
Timer
10:00
0
Plays Today
Position
Artist
% Correct
1
The Who
98.2%
2
The Rolling Stones
97.3%
5
John Lennon
95.5%
10
Carole King
95.5%
22
Jethro Tull
92.7%
18
David Bowie
91.8%
12
The Beach Boys
88.2%
30
Led Zeppelin
88.2%
9
Joni Mitchell
87.3%
13
Janis Joplin
87.3%
8
Various Artists
80%
3
Rod Stewart
77.3%
4
Van Morrison
75.5%
17
Sly and the Family Stone
75.5%
29
Harry Nilsson
71.8%
Position
Artist
% Correct
16
The Allman Brothers Band
69.1%
21
Traffic
56.4%
14
The Kinks
53.6%
7
Grateful Dead
43.6%
25
The Band
30.9%
11
Mahavishnu Orchestra
19.1%
27
Yes
19.1%
26
Alice Cooper
18.2%
15
Randy Newman
11.8%
19
The Move
11.8%
23
Jeff Beck Group
8.2%
20
Procol Harum
7.3%
24
Commander Cody and His Lost Planet Airmen
5.5%
28
Delaney & Bonnie
2.7%
6
Joy of Cooking
0.9%
Quiz Playlist
Details
Report
Send in Message
Add To Playlist
More Info:
Village Voice's Pazz & Jop is an end-of-year list of the best albums and singles according to over 300 of the leading music critics
Classic:
Type in answers that appear in a list
Quiz Source
Last Updated: Feb 16, 2017
Quiz Scoreboard
CHALLENGE
Sign Up to Join the Scoreboard
Show All
Scores
Hide
Comments
May contain spoilers
Recently Published
Billboard Blitz: Fleetwood Mac
by CooCooCachoo
Music
15s
Presidents Visiting Landmarks
by Hejman
History
7m
An Introduction to Baseball
by treessimontrees
Sports
5m
More to Explore
Quiz From the Vault
Featured Blog Post
Where Did the Easter Bunny Come From?
hide this ad
You Might Also Like...
Tags
Album Quiz
Artist Quiz
1971
behind
critic
jop
Pazz
poll
Village
Voice
Today's Top Quizzes in Music
Browse Music
hide this ad
Today's Top Quizzes in Album
Browse Album
Top Contributed Quizzes in Music
1
Taylor Swift All Songs (2024)
2
Guess the Artist- 70s Songs
3
7-to-1: Billboard Hot 100 #1 Hits of 2010s
4
Sorting Albums and Songs
5
Taylor Swift Logic Puzzle
6
KPOP LOGIC QUIZ
7
2010s Album by Cover III
8
One Thing in Common: Music
9
Guess the Taylor Swift song (Mystery Song)
10
Guess The Taylor Swift Lyrics Song #1
Explore More
Trending Topics
Crossword
Harry Potter
NBA
Kpop
Anime
Marvel
Disney
Pokémon
WWE
Puzzle
The Office
Song
NFL
Country
Soccer
hide this ad
More By:
Tim32
Quiz
Plays
Rating
Category
Featured
Created
Foo Fighters Albums
1,835
4.70
Music
Sep 24, 2009
Village Voice Pazz & Jop Best Singles of 1983
872
4.46
Music
Jan 1, 2017
Soundgarden Albums
407
5.00
Music
Sep 24, 2009
[Blank] The [Blank] Bands (Matching)
250
Music
Dec 16, 2017
Multiple Choice: Britpop Songs
229
5.00
Music
Dec 22, 2016
Go to Creator's Profile
Score Distribution
Quiz Creator Spotlight
Tim32
Follow
Send a Message
Quizzes Created
-
Created Quiz Play Count
-
More By This Creator
Popular Quizzes Today
1
Find the US States - No Outlines Minefield
2
Find the Countries of Europe - No Outlines Minefield
3
The Countries of the World
4
Find the US States
5
US States
6
Risky Map Clicking: Biggest States A-Z
7
Popular People in 1961
8
Movies - When Are They Set?
More Music Quizzes
Figure Out the Lyrics IV
Published
Trending Quizzes
Risky Map Clicking: Least Populous States A-Z
1-10 Letter G Words
1-10 Letter F Words
Risky Map Clicking: Next State Alphabetically
Risky Map Clicking: Biggest States A-Z
Recently Updated
Leaping Animals
pecheneg
Reality TV Shows (A-Z)
bhenderson79
Rickey Henderson's Hall of Fame Teammates
pecheneg
Champions League XIs: Arsenal
pecheneg
Quick Pick: Celebrities in WWE's Hall of Fame
aduchscher
A-Z Keypad Blitz II
pecheneg
Multiple Oscar Actors
pecheneg
Mystery Phrase Blitz: Oscar 'Best Actors'
pecheneg
F. Scott Fitzgerald Novels
LTH
Pick 3 Villains
ddd62291
Trending Topics
Kpop
Disney
Crossword
NBA
Anime
Harry Potter
Marvel
The Office
WWE
Song
Pokémon
NFL
Puzzle
Country
Soccer
Your Account Isn't Verified!
In order to create a playlist on Sporcle, you need to verify the email address you used during registration. Go to your
Sporcle Settings
to finish the process.
Report this User
Report this user for behavior that violates our
Community Guidelines
.
Details:
Send Report
Go to the Sporcle.com Mobile Site →
Comments